000 00717nam a2200217 a 4500
005 20240924064746.0
008 070827s2005 mx r 000 0 spa d
020 _a9707021144
035 _aUPN01000151478
049 _aCG
050 4 _aLB1140.25 M6
_bB3.7
100 1 _aBarrio Paredes, Araceli
245 1 0 _aSólo para educadoras :
_bhacia una educación integral del niño preescolar /
_cAraceli Barrio Paredes.
260 _aMéxico :
_bUPN,
_c2005.
300 _a292 p.
440 0 _aEducación ;
_v26
650 4 _aEducación preescolar
_zMéxico
_98933
650 4 _aEducación preescolar
_zMéxico
_xPlanes y programas
_94039
650 4 _aEducación preescolar
_zMéxico
_xHistoria
_910057
905 _aLibro
999 _c123614
_d123614